| 000 | 00405nam a2200097Ia 4500 | ||
|---|---|---|---|
| 008 | 220204s9999 xx 000 0 und d | ||
| 082 | _bANR;1 | ||
| 245 | 0 | _aProgress and development of rubber smallholders: Proceedings of the ninth ANRPC seminar, 9-11 November 2005, Cochin, India | |
| 260 |
_aKuala Lumpur _bAssociation of Natural Rubber Producing Countries(ANRPC) and Rubber Board, India _c2006 |
||
| 942 | _cBK | ||
| 999 |
_c44244 _d44244 |
||